|
|
|
|
| LEADER |
00000nam2a2200000 4500 |
| 001 |
297117 |
| 005 |
20231102000957.0 |
| 035 |
|
|
|a (RuTPU)RU\TPU\book\322237
|
| 035 |
|
|
|a RU\TPU\book\322231
|
| 090 |
|
|
|a 297117
|
| 100 |
|
|
|a 20150605d1981 km y0engy50 ba
|
| 101 |
0 |
|
|a eng
|
| 102 |
|
|
|a NL
|a FX
|
| 105 |
|
|
|a a z 101zy
|
| 200 |
0 |
|
|a Vol. M : Methods for structural analysis
|
| 210 |
|
|
|d 1981
|
| 215 |
|
|
|a 486 p.
|c il.
|
| 320 |
|
|
|a bibliography at the end of records
|
| 461 |
|
1 |
|0 (RuTPU)RU\TPU\book\348115
|t Structural mechanics in reactor technology
|o Transactions of the 6-th International Conference, Paris, France 17-21 August 1981
|v Vol. M : Methods for structural analysis
|d 1981
|
| 606 |
1 |
|
|a Ядерные реакторы
|2 stltpush
|3 (RuTPU)RU\TPU\subj\21616
|9 46573
|
| 610 |
1 |
|
|a ядерные технологии
|
| 610 |
1 |
|
|a структурный анализ
|
| 610 |
1 |
|
|a численные методы
|
| 610 |
1 |
|
|a нелинейные отклики
|
| 610 |
1 |
|
|a оболочечные системы
|
| 610 |
1 |
|
|a неупругие материалы
|
| 610 |
1 |
|
|a сейсмические отклики
|
| 610 |
1 |
|
|a дизайн
|
| 610 |
1 |
|
|a устойчивость
|
| 610 |
1 |
|
|a структурная механика
|
| 610 |
1 |
|
|a переходные процессы
|
| 610 |
1 |
|
|a тепловые процессы
|
| 610 |
1 |
|
|a конференции
|
| 610 |
1 |
|
|a английский язык
|
| 675 |
|
|
|a 621.039.5(063)
|v 4
|
| 801 |
|
1 |
|a RU
|b 63413507
|c 20150605
|
| 801 |
|
2 |
|a RU
|b 63413507
|c 20181109
|g RCR
|
| 942 |
|
|
|c BK
|